| 000 | 00558nam a2200193 a 4500 | ||
|---|---|---|---|
| 005 | 20240613063658.0 | ||
| 008 | 030918s1979 mx r 000 0 spa d | ||
| 020 | _a9681613740 | ||
| 035 | _aUPN01000128891 | ||
| 049 | _aCG | ||
| 050 | 4 |
_aLB1029 P4 _bN6.58 |
|
| 100 | 1 | _aNot, Louis | |
| 245 | 1 | 4 |
_aLas pedagogías del conocimiento / _cLouis Not ; tr. Sergio René Madero Báez. |
| 260 |
_aMéxico : _bFCE, _c1979. |
||
| 300 | _a495 p. | ||
| 650 | 4 |
_aEducación _xEstudio y enseñanza _91553 |
|
| 650 | 4 |
_aEducación _xMetodología _912791 |
|
| 905 | _aLibro | ||
| 999 |
_c101064 _d101064 |
||